000 00354nam a2200133Ia 4500
005 20260326100037.0
008 260326s9999||||xx |||||||||||||| ||und||
100 _aLo Celso, Angel T
245 0 _aFilosofía de la Arquitectura /
_cAngel T Lo Celso
260 _bUniversidad de Córdoba
300 _a317 p.
650 _aARQUITECTURA-GENERAL
942 _cBK
999 _c6861
_d6861